[Event "Johannesburg Sandton op"]
[Site "Johannesburg"]
[Date "2018.05.19"]
[Round "6"]
[White "Mwale, Joseph"]
[Black "Jurgensen, Graham"]
[Result "1-0"]
[WhiteElo "2058"]
[BlackElo "2103"]
[PlyCount "104"]
[EventDate "2018.05.19"]
[EventType "swiss"]
[EventRounds "10"]
[EventCountry "RSA"]
[SourceTitle "CBM 184 Extra"]
[Source "ChessBase"]
[SourceDate "2018.06.28"]
[SourceVersion "1"]
[SourceVersionDate "2018.06.28"]
[SourceQuality "1"]

1. Nf3 Nf6 2. d4 g6 3. g3 Bg7 4. Bg2 0-0 5. 0-0 d5 6. c4 c6 7. Nc3 dxc4 8. a4 Nbd7 9. e4 e5 10. dxe5 Ng4 11. e6 fxe6 12. Qe2 Nde5 13. Nxe5 Nxe5 14. Rd1 Nd3 15. Be3 Bd4 16. Rd2 e5 17. Nd1 Qb6 18. h4 Be6 19. a5 Qc5 20. h5 Rf6 21. Rc2 Bxe3 22. Qxe3 Qxe3 23. Nxe3 gxh5 24. f3 Rg6 25. Kh2 Rd8 26. Nxc4 Bxc4 27. Rxc4 Rgd6 28. Rd1 Rd4 29. b3 Nb2 30. Rcxd4 Rxd4 31. Rb1 Nd3 32. Kh3 Kg7 33. Kh4 Kh6 34. Rf1 Nc5 35. Rb1 Rb4 36. Rd1 Rd4 37. Rb1 Rb4 38. Re1 Nxb3 39. f4 Rb5 40. Rd1 Nxa5 41. Rd6+ Kg7 42. f5 Rb2 43. Bh3 Rh2 44. Rd7+ Kg8 45. f6 c5 46. g4 c4 47. Kg3 Rh1 48. gxh5 Nc6 49. Be6+ Kf8 50. Rxh7 Rg1+ 51. Kf2 c3 52. Rh8+ Rg8 1-0

[Event "Johannesburg PSS op"]
[Site "Johannesburg"]
[Date "2016.04.23"]
[Round "4"]
[White "Jere, Daniel"]
[Black "Jurgensen, Graham"]
[Result "1-0"]
[WhiteElo "2357"]
[BlackElo "2023"]
[PlyCount "45"]
[EventDate "2016.04.23"]
[EventType "swiss"]
[EventRounds "10"]
[EventCountry "RSA"]
[SourceTitle "CBM 172 Extra"]
[Source "ChessBase"]
[SourceDate "2016.06.21"]
[SourceVersion "1"]
[SourceVersionDate "2016.06.21"]
[SourceQuality "1"]

1. c4 e5 2. g3 Nf6 3. Bg2 Nc6 4. Nc3 Bb4 5. Nd5 Nxd5 6. cxd5 Ne7 7. Nf3 Ng6 8. h4 h5 9. 0-0 Be7 10. e4 d6 11. d4 Bg4 12. Qb3 b6 13. Be3 0-0 14. Rac1 Qd7 15. Rc6 f5 16. exf5 Qxf5 17. Nxe5 Nxe5 18. dxe5 Qxe5 19. Rxc7 Bd8 20. Rc4 Be2 21. Re4 Qf5 22. Re1 Bg4 23. Rc1 1-0

[Event "TAN-ch op"]
[Site "Dar es Salaam"]
[Date "2015.11.30"]
[Round "8"]
[White "Jurgensen, Graham"]
[Black "Klaver, Cornelis"]
[Result "1/2-1/2"]
[WhiteElo "2023"]
[BlackElo "2090"]
[PlyCount "33"]
[EventDate "2015.11.27"]
[EventType "swiss"]
[EventRounds "8"]
[EventCountry "TAN"]
[SourceTitle "CBM 170 Extra"]
[Source "ChessBase"]
[SourceDate "2016.02.25"]
[SourceVersion "1"]
[SourceVersionDate "2016.02.25"]
[SourceQuality "1"]

1. e4 c5 2. Nc3 Nc6 3. Bb5 g6 4. f4 Nd4 5. Bc4 Bg7 6. d3 e6 7. Nf3 Ne7 8. Nxd4 cxd4 9. Ne2 0-0 10. g4 d5 11. Bb3 dxe4 12. dxe4 b6 13. Bc4 Bb7 14. Ng3 Rc8 15. Qe2 Qc7 16. Bd3 f5 17. Bd2 1/2-1/2

[Event "TAN-ch op"]
[Site "Dar es Salaam"]
[Date "2015.11.27"]
[Round "2"]
[White "Mangula, Musa"]
[Black "Jurgensen, Graham"]
[Result "0-1"]
[WhiteElo "1643"]
[BlackElo "2023"]
[PlyCount "90"]
[EventDate "2015.11.27"]
[EventType "swiss"]
[EventRounds "8"]
[EventCountry "TAN"]
[SourceTitle "CBM 170 Extra"]
[Source "ChessBase"]
[SourceDate "2016.02.25"]
[SourceVersion "1"]
[SourceVersionDate "2016.02.25"]
[SourceQuality "1"]

1. e4 c5 2. Nf3 Nc6 3. d4 cxd4 4. Nxd4 e5 5. Nf3 Nf6 6. Bd3 Bc5 7. 0-0 0-0 8. h3 d6 9. a3 h6 10. b4 Bb6 11. Bb2 Be6 12. Nbd2 Ne7 13. c4 Ng6 14. Rc1 Nh5 15. Kh1 Nhf4 16. Bb1 Qd7 17. Ng1 f5 18. c5 dxc5 19. bxc5 Bc7 20. exf5 Bxf5 21. Bxf5 Qxf5 22. Qb3+ Rf7 23. g4 Qd3 24. Qc3 Rd8 25. Nc4 Qd5+ 26. f3 Qxc5 27. Qe1 Qb5 28. Qb4 Qxb4 29. axb4 b5 30. Ne3 Bb6 31. Nf5 Rfd7 32. Bc3 Bxg1 33. Kxg1 Ne2+ 34. Kf2 Nxc1 35. Rxc1 Nf4 36. Ke3 Rc8 37. Bb2 Nd5+ 38. Ke4 Rxc1 39. Bxc1 Nxb4 40. h4 a5 41. f4 Nd3 42. Be3 exf4 43. Bxf4 Nxf4 44. Kxf4 b4 45. Ne3 b3 0-1

[Event "London Classic op 6th"]
[Site "London"]
[Date "2014.12.12"]
[Round "5"]
[White "Jurgensen, Graham"]
[Black "Wall, Tim"]
[Result "1-0"]
[WhiteElo "2070"]
[BlackElo "2276"]
[PlyCount "71"]
[EventDate "2014.12.08"]
[EventType "swiss"]
[EventRounds "9"]
[EventCountry "ENG"]
[SourceTitle "CBM 163 Extra"]
[Source "ChessBase"]
[SourceDate "2014.12.23"]
[SourceVersion "1"]
[SourceVersionDate "2014.12.23"]
[SourceQuality "1"]

1. e4 d5 2. exd5 Qxd5 3. Nc3 Qa5 4. Nf3 Nf6 5. Bc4 Bg4 6. h3 Bh5 7. d3 c6 8. g4 Bg6 9. Bd2 Qc7 10. Qe2 Nbd7 11. 0-0-0 0-0-0 12. Nh4 Nb6 13. Nxg6 fxg6 14. Be6+ Kb8 15. Qf3 Nbd5 16. Nxd5 cxd5 17. Bf4 Rd6 18. g5 Nh5 19. Be5 d4 20. Rde1 a6 21. Re4 Qc5 22. Rhe1 Ka7 23. Qg4 h6 24. h4 hxg5 25. hxg5 Ka8 26. Bxd6 exd6 27. Bf7 d5 28. Re8+ Ka7 29. Bxg6 Qa5 30. Bxh5 Bd6 31. Qxd4+ Bc5 32. Qe5 Rxe8 33. Bxe8 Qxa2 34. Qc3 Bxf2 35. Re7 d4 36. Qc5+ 1-0

[Event "Commonwealth & RSA op"]
[Site "Port Elizabeth"]
[Date "2013.07.09"]
[Round "5"]
[White "Akash, G."]
[Black "Jurgensen, Graham"]
[Result "1-0"]
[WhiteElo "2332"]
[BlackElo "2077"]
[PlyCount "109"]
[EventDate "2013.07.06"]
[EventType "swiss"]
[EventRounds "11"]
[EventCountry "RSA"]
[SourceTitle "CBM 155 Extra"]
[Source "ChessBase"]
[SourceDate "2013.08.26"]
[SourceVersion "1"]
[SourceVersionDate "2013.08.26"]
[SourceQuality "1"]

1. e4 c5 2. Nf3 a6 3. c4 Nc6 4. d4 cxd4 5. Nxd4 d6 6. Nc3 g6 7. Be3 Nf6 8. Be2 Bg7 9. 0-0 0-0 10. Qd2 Bd7 11. Rfd1 Rc8 12. f3 Re8 13. Rac1 Qa5 14. Nb3 Qb4 15. Qc2 Na5 16. Nd2 Nc6 17. Nb3 Na5 18. Nd2 Nc6 19. a3 Qa5 20. Nb3 Qh5 21. c5 Bf8 22. cxd6 exd6 23. Qd2 Be6 24. Nd4 Nxd4 25. Qxd4 Nd7 26. Qd2 Nc5 27. g4 Qh3 28. Qe1 Bg7 29. Qf2 Bf6 30. Rxd6 Be5 31. Bf1 Qxf1+ 32. Qxf1 Bxd6 33. Rd1 Red8 34. Bg5 Rd7 35. Bf6 Bb3 36. Rd2 Bf4 37. Rxd7 Nxd7 38. Bd4 Ne5 39. Kg2 Rd8 40. Qg1 Bc4 41. b3 Bxb3 42. Ne2 Nd3 43. Bc3 Bc7 44. Qa7 Bd1 45. Qxb7 Bf4 46. Qxa6 Be5 47. Qa5 Rc8 48. Bxe5 Nxe5 49. Qxe5 Bxe2 50. h4 Rc2 51. h5 gxh5 52. Qg5+ Kf8 53. gxh5 Bd3+ 54. Kg3 Rc6 55. Qd8+ 1-0

[Event "Pretoria FM-A"]
[Site "Pretoria"]
[Date "2012.04.29"]
[Round "5"]
[White "Klaasen, Calvin Jong"]
[Black "Jurgensen, Graham"]
[Result "1-0"]
[WhiteElo "2090"]
[BlackElo "2089"]
[PlyCount "94"]
[EventDate "2012.04.27"]
[EventType "tourn"]
[EventRounds "9"]
[EventCountry "RSA"]
[SourceTitle "CBM 148 Extra"]
[Source "ChessBase"]
[SourceDate "2012.06.22"]
[SourceVersion "1"]
[SourceVersionDate "2012.06.22"]
[SourceQuality "1"]

1. d4 Nf6 2. c4 g6 3. Nc3 Bg7 4. g3 d5 5. cxd5 Nxd5 6. Bg2 Nxc3 7. bxc3 c5 8. Nf3 Nc6 9. e3 0-0 10. 0-0 Be6 11. Nd2 cxd4 12. cxd4 Bd5 13. Rb1 Bxg2 14. Kxg2 Qd5+ 15. Qf3 Qxa2 16. Rxb7 Qa6 17. Rb3 Rfb8 18. Ra3 Qb5 19. Ne4 a5 20. Bd2 Bf8 21. Rc1 a4 22. Bc3 Na5 23. Bxa5 Rxa5 24. Rc5 Qb4 25. Ng5 f6 26. Qd5+ Kh8 27. Rxa5 Qxa3 28. Nf7+ Kg7 29. Nd8 Qb3 30. Ne6+ Kf7 31. Nf4+ Kg7 32. Qd7 a3 33. Qa7 a2 34. Rxa2 g5 35. Ra3 Qb5 36. Ne6+ Kf7 37. Nc5 Qc6+ 38. e4 Rc8 39. Ra6 Qb5 40. Rb6 Qe2 41. Qb7 g4 42. Qd5+ Kg6 43. Qf5+ Kh6 44. h3 Rd8 45. hxg4 Rxd4 46. Rxf6+ Kg7 47. Ne6+ Kg8 1-0

[Event "Pretoria FM-A"]
[Site "Pretoria"]
[Date "2012.04.27"]
[Round "2"]
[White "Bhawoodien, Shabier Hussain"]
[Black "Jurgensen, Graham"]
[Result "0-1"]
[WhiteElo "2078"]
[BlackElo "2089"]
[PlyCount "124"]
[EventDate "2012.04.27"]
[EventType "tourn"]
[EventRounds "9"]
[EventCountry "RSA"]
[SourceTitle "CBM 148 Extra"]
[Source "ChessBase"]
[SourceDate "2012.06.22"]
[SourceVersion "1"]
[SourceVersionDate "2012.06.22"]
[SourceQuality "1"]

1. e4 c5 2. Nf3 e6 3. d4 cxd4 4. Nxd4 a6 5. Bd3 Qc7 6. 0-0 Nc6 7. Nxc6 bxc6 8. c4 Nf6 9. Nc3 Bc5 10. Kh1 Rb8 11. f4 h5 12. e5 Ng4 13. Ne4 Qa7 14. Qe2 g6 15. h3 a5 16. g3 Nh6 17. Nf6+ Kd8 18. Kg2 Bd4 19. Rd1 Bb7 20. Be4 c5 21. Rb1 Kc7 22. Kh2 Qa8 23. Rd3 Nf5 24. Ra3 h4 25. g4 Ng3 26. Bxb7 Qxb7 27. Qg2 Qb4 28. Bd2 Qxa3 29. bxa3 Rxb1 30. Bxa5+ Kb8 31. Nxd7+ Ka7 32. Bb6+ Ka6 33. Bxc5 Nf1+ 34. Qxf1 Rxf1 35. Bxd4 Rxf4 36. Nc5+ Ka5 37. Nb3+ Ka4 38. c5 Rc8 39. Kg2 Kxa3 40. Bf2 Kxa2 41. Nc1+ Kb1 42. Nd3 Rc4 43. Bxh4 Rc3 44. Nf2 R8xc5 45. Bg3 Re3 46. h4 Kc2 47. Bf4 Rexe5 48. Bxe5 Rxe5 49. Kf3 f5 50. g5 Kd2 51. h5 Re3+ 52. Kg2 gxh5 53. g6 h4 54. Nh1 Rb3 55. Kh2 Rb7 56. Nf2 Rg7 57. Kh3 Rxg6 58. Kxh4 Rg2 59. Nh3 e5 60. Ng5 Rxg5 61. Kxg5 e4 62. Kf4 e3 0-1

[Event "Foxwoods op 07th"]
[Site "Mashantucket"]
[Date "2005.03.23"]
[Round "1"]
[White "Ippolito, Dean"]
[Black "Jurgensen, Graham"]
[Result "1-0"]
[WhiteElo "2390"]
[BlackElo "2113"]
[PlyCount "55"]
[EventDate "2005.03.23"]
[EventType "swiss"]
[EventRounds "9"]
[EventCountry "USA"]
[SourceTitle "CBM 105 Extra"]
[Source "ChessBase"]
[SourceDate "2005.05.01"]
[SourceVersion "1"]
[SourceVersionDate "2005.05.01"]
[SourceQuality "1"]

1. d4 Nf6 2. c4 e6 3. Nc3 Bb4 4. Qc2 c5 5. dxc5 Na6 6. a3 Bxc3+ 7. Qxc3 Nxc5 8. b4 Nce4 9. Qb2 d5 10. c5 h6 11. Be3 0-0 12. f3 Ng5 13. h4 Ngh7 14. Bd4 Ne8 15. e3 f6 16. f4 Rf7 17. Nf3 Qc7 18. Bd3 Nf8 19. 0-0 Nd7 20. Rac1 Re7 21. Qb3 Kh8 22. b5 e5 23. fxe5 fxe5 24. c6 bxc6 25. Rxc6 Qb8 26. Qb4 Rf7 27. Nxe5 Rxf1+ 28. Kxf1 1-0